logo

Bir Sreshtho Munshi Abdur Rouf Library
Jhenaidah Cadet College

Substance of social studies / (Record no. 9433)

MARC details
000 -LEADER
fixed length control field 00518nam a2200205 a 4500
001 - CONTROL NUMBER
JCCL Control Number 9433
003 - CONTROL NUMBER IDENTIFIER
JCCL marc code BD-JhCC
005 - DATE AND TIME OF LATEST TRANSACTION
control field 20180529114010.0
008 - FIXED-LENGTH DATA ELEMENTS--GENERAL INFORMATION
fixed length control field 180314s1960 bg |||| |||| 000 0 eng d
035 ## - SYSTEM CONTROL NUMBER
system control number (BD-JhCC)9433
040 ## - CATALOGING SOURCE
Original cataloging agency BD-JhCC
Modifying agency BD-JhCC
041 ## - LANGUAGE CODE
Language code of Book eng
082 ## - DEWEY DECIMAL CLASSIFICATION NUMBER
Classification number 301
Author mark and Year RAH 1960
245 ## - TITLE STATEMENT
Title Substance of social studies /
Statement of responsibility, etc Prof. H. Rahman
260 ## - PUBLICATION, DISTRIBUTION, ETC. (IMPRINT)
Place of publication, distribution, etc Dacca:
Name of publisher, distributor, etc IDEAL PUBLICATIONS,
Date of publication, distribution, etc 1960.
300 ## - PHYSICAL DESCRIPTION
Pagination 104 p.:
Dimensions 22 cm.
650 ## - SUBJECT ADDED ENTRY--TOPICAL TERM
Topical term or geographic name as entry element Social Science
942 ## - ADDED ENTRY ELEMENTS (KOHA)
Source of classification or shelving scheme Dewey Decimal Classification
Koha item type Books
Holdings
Source of classification or shelving scheme Damaged status Not for loan Home library Current library Shelving location Date of accession Cost, normal purchase price Total Checkouts Full call number Barcode Date last seen Copy number Koha item type
Dewey Decimal Classification     JCC Rouf Library JCC Rouf Library General Stacks 03/14/2018 10.00   301 RAH 1960 12593 03/14/2018 C-1 Books

JCC Library | Contacts | JCC Home

Last Update on 23 September 2017
Copyright @ 2017-2020 JCC Rouf Library
Rouf Library, Jhenidah Cadet College (JCC), Bangladesh